| 000 | 00891nam a2200265 i 4500 | ||
|---|---|---|---|
| 001 | 181051 | ||
| 003 | ES-MaACL | ||
| 005 | 20250909203531.0 | ||
| 008 | 121015s2010 sp a | |||||||| | spa d | ||
| 020 | _a978-84-92904-17-4 | ||
| 080 | _a34 Garzón, Baltasar | ||
| 080 | _a341.48(460) | ||
| 080 | _a94(460)"1936/39" | ||
| 245 | 0 | 3 |
_aLa solidaridad con el juez Garzón / _ccoordinado por Carlos Jiménez Villarejo. |
| 250 | _a1ª ed. | ||
| 260 |
_aCórdoba : _bEl Páramo, _c2010. |
||
| 300 |
_a501 p. : _bil. ; _c23 cm. |
||
| 600 | 1 | 4 |
_aGarzón, Baltasar, _d1955- _955817 |
| 650 | 4 |
_aCrímenes contra la humanidad- _zEspaña. _9151585 |
|
| 651 | 4 |
_aEspaña- _xHistoria- _y1936-1939, Guerra civil. _98292 |
|
| 700 | 1 |
_aJiménez Villarejo, Carlos. _966627 |
|
| 852 |
_aES-MaACL _jA-12267 _9187934 _bR.147161 _cDEPO1 _dOlim: N-5272 |
||
| 942 |
_2udc _cMONOGRAFIA |
||
| 999 |
_c181051 _d181051 |
||